000 00572nam a2200229Ia 4500
003 OSt
005 20220924144120.0
006 a|||||r|||| 00| 0
007 ta
008 220923b |||||||| |||| 00| 0 urd d
024 _a312086
037 _cTextual
040 _aARTS
_cARTS
_burd
041 _2urd
_aurd
082 _aO168,1L50:g, H3
100 _aSarim
_9217072
245 0 _aUrdu ka sabse bada shair aur mohsin
260 _c1943
650 _aURDU POETRY
942 _hO168,1L50:g, H3
_cTEXL
_2CC
999 _c456153
_d456153